[Event "Challenge"]
[Site "http://www.queenalice.com/game.php?id=163104"]
[Date "2007.2.3"]
[Round "-"]
[White "Liberte"]
[Black "Tlaloc2k"]
[Result "0-1"]
[WhiteElo "1100"]
[BlackElo "1506"]

1. d4 d5 2. Nf3 f6 3. Nc3 a6 4. e3 Bf5 5. Bd3 e6 6. O-O Bd6 7. e4 dxe4 8. Nxe4
Nc6 9. c4 Bg4 10. h3 Bh5 11. Ng3 Bxf3 12. Qxf3 Bxg3 13. Qxg3 g6 14. Qf3 Nxd4 15.
Qe4 c6 16. b4 f5 17. Qe5 Nf6 18. Bb2 Qe7 19. Qxd4 Kf7 20. Qb6 Rhd8 21. Bc1 Rxd3
22. Bg5 Rd6 23. c5 Rd7 24. Qa5 Qf8 25. Qa3 Ne4 26. f3 Nxg5 27. h4 h6 28. hxg5
hxg5 29. Qe3 Kf6 30. Qc3+ e5 31. f4 gxf4 32. Qh3 Qh8 33. Rae1 Qg8 34. Qh4+ Ke6
35. g3 Rh7 36. Qg5 Rh5 37. Rxe5+ Kxe5 38. Qxf4+ Kf6 39. Re1 Re8 40. Qd4+ Kg5 41.
Rf1 Qxa2 42. Qd7 Qh2# 0-1

[Event "Challenge"]
[Site "http://www.queenalice.com/game.php?id=166729"]
[Date "2007.2.10"]
[Round "-"]
[White "Tlaloc2k"]
[Black "Liberte"]
[Result "1-0"]
[WhiteElo "1563"]
[BlackElo "1100"]

1. e4 Nf6 2. e5 Ne4 3. Qe2 d5 4. d4 e6 5. f3 Ng5 6. h4 Ne4 7. fxe4 Bb4+ 8. Bd2
Nc6 9. a3 Be7 10. exd5 Bxh4+ 11. Kd1 Qxd5 12. Rxh4 Bd7 13. Nc3 Qxd4 14. Nf3 Qb6
15. Na4 Qa6 16. Qxa6 bxa6 17. Bd3 Na5 18. Bxa5 Bxa4 19. Rxa4 O-O 20. Bxc7 Rac8
21. Ba5 Rc6 22. Kd2 Rb8 23. Bc3 Rf8 24. Rxa6 Rc7 25. Rh1 f6 26. Bxh7+ Kf7 27.
Nh4 Rd7+ 28. Kc1 Rh8 29. Bg6+ Ke7 30. Bb4+ Kd8 31. Rxe6 Rc7 32. Ba5 Kc8 33. Bxc7
Kxc7 34. g3 Kd7 35. Bf5 Rd8 36. Rxf6+ Ke7 37. Ng6+ Ke8 38. Rh7 gxf6 39. Bg4 Rd5
40. exf6 Rg5 41. f7+ Kd8 42. f8=R# 1-0

[Event "Challenge"]
[Site "http://www.queenalice.com/game.php?id=167155"]
[Date "2007.2.11"]
[Round "-"]
[White "cecel"]
[Black "Liberte"]
[Result "1-0"]
[WhiteElo "1587"]
[BlackElo "1119"]

1. e4 Nf6 2. Nc3 e5 3. Nf3 d6 4. d4 Nc6 5. Bb5 a6 6. Ba4 Be7 7. d5 b5 8. Bb3 Nb4
9. a3 Nxc2+ 10. Qxc2 Qd7 11. a4 b4 12. Ne2 Qg4 13. Ng3 Nxe4 14. Qxe4 Qxe4+ 15.
Nxe4 O-O 16. O-O Bb7 17. Bd2 a5 18. Rac1 f5 19. Neg5 e4 20. Ne6 exf3 21. Nxf8
Rxf8 22. Rxc7 Ba6 23. Rxe7 h5 24. Rc1 Rf6 25. Bg5 Rg6 26. Re8+ Kh7 27. h4 f4 28.
Bc2 Bc4 29. Bxg6+ Kxg6 30. Rxc4 Kh7 31. Rxf4 fxg2 32. Rff8 Kg6 33. Kxg2 b3 34.
Re6+ Kh7 35. Rxd6 g6 36. Rd7# 1-0

[Event "Challenge"]
[Site "http://www.queenalice.com/game.php?id=185192"]
[Date "2007.3.20"]
[Round "-"]
[White "Liberte"]
[Black "likikou"]
[Result "1-0"]
[WhiteElo "1119"]
[BlackElo "1288"]

1. Nf3 Nf6 2. d4 e6 3. Nc3 Bb4 4. Bg5 h6 5. Bf4 Nh5 6. Qd2 Nc6 7. O-O-O f5 8. d5
exd5 9. Qxd5 Ne7 10. Qc4 Nc6 11. Be5 b5 12. Qd5 Qe7 13. Nxb5 Ba6 14. Nxc7+ Kd8
15. Nxa6 Ba5 16. Bg3 Nb4 17. Qxa5+ Ke8 18. Nc7+ Kf8 19. Nxa8 Qe8 20. Bd6+ Kg8
21. Nc7 Qf7 22. Qxb4 Qxa2 23. e3 Nf6 24. Qf4 g5 25. Bc4+ Kg7 26. Qd4 Rb8 27.
Bxa2 1-0

[Event "Challenge"]
[Site "http://www.queenalice.com/game.php?id=186580"]
[Date "2007.3.23"]
[Round "-"]
[White "kleopatra"]
[Black "Liberte"]
[Result "1-0"]
[WhiteElo "1792"]
[BlackElo "1182"]

1. e4 d5 2. exd5 Qxd5 3. Nc3 Qa5 4. d4 Nf6 5. Nf3 Bg4 6. h3 Bf5 7. Bc4 Nc6 8.
Bd2 e5 9. d5 Nb4 10. O-O O-O-O 11. a3 Nxc2 12. Ne4 Bxe4 13. Bxa5 Rxd5 14. Bxd5
Nxd5 15. Rc1 Nxa3 16. Nxe5 Nb5 17. Nxf7 Rg8 18. Qg4+ Kb8 19. Qxe4 b6 20. Qe8+
Kb7 21. Qxb5 c6 22. Qxc6+ Ka6 23. Qxd5 bxa5 24. Qc6# 1-0

[Event "Challenge"]
[Site "http://www.queenalice.com/game.php?id=188203"]
[Date "2007.3.26"]
[Round "-"]
[White "Liberte"]
[Black "Tlaloc2k"]
[Result "0-1"]
[WhiteElo "1119"]
[BlackElo "1553"]

1. d4 d5 2. Nf3 Nd7 3. Nc3 Ngf6 4. Bf4 e6 5. Qd3 a6 6. O-O-O c5 7. Re1 c4 8. Qe3
Bb4 9. Bh6 Bxc3 10. Qg5 Ke7 11. Bxg7 Rg8 12. Qg3 Nh5 13. Qg5+ Nhf6 14. e4 Bxe1
15. e5 Qa5 16. exf6+ Kd6 17. Kb1 Qb5 18. Qg3+ Kc6 19. Nxe1 Qb4 20. c3 Qb5 21.
Nc2 Nxf6 22. Na3 Qa4 23. Qe5 Qd1# 0-1

[Event "Challenge"]
[Site "http://www.queenalice.com/game.php?id=188339"]
[Date "2007.3.27"]
[Round "-"]
[White "jablonski"]
[Black "Liberte"]
[Result "1-0"]
[WhiteElo "1680"]
[BlackElo "1182"]

1. e4 Nf6 2. Nc3 e5 3. a3 d6 4. Nf3 Bg4 5. d3 d5 6. exd5 Bc5 7. h3 Bf5 8. Nxe5
Qe7 9. Bf4 Nbd7 10. d4 Bb6 11. Bb5 O-O-O 12. O-O Ne4 13. Nxe4 Bxe4 14. Bxd7+ Kb8
15. Ba4 Bxd5 16. Re1 Qf6 17. g3 h5 18. h4 Qf5 19. Bb3 Rhf8 20. Bxd5 Rxd5 21. c3
f6 22. Nc4 g5 23. Ne3 Qe4 24. Nxd5 Qxd5 25. Qxh5 Qb5 26. Qh6 Rd8 27. Qxf6 Qxb2
28. Qxd8# 1-0

[Event "Challenge"]
[Site "http://www.queenalice.com/game.php?id=191078"]
[Date "2007.4.3"]
[Round "-"]
[White "farofa38"]
[Black "Liberte"]
[Result "1-0"]
[WhiteElo "1469"]
[BlackElo "1148"]

1. g4 e5 2. e4 Nf6 3. f3 d6 4. g5 Nfd7 5. Bc4 Nc5 6. d3 Be6 7. b4 Na4 8. c3 f5
9. Bxe6 Qe7 10. Qxa4+ c6 11. Bxf5 Qf7 12. Na3 Be7 13. b5 Bxg5 14. Bxg5 O-O 15.
bxc6 b6 16. Nb5 Nxc6 17. Nxd6 Qc7 18. Qc4+ Kh8 19. Nb5 Qb7 20. f4 h6 21. Bh4
exf4 22. d4 Na5 23. Qe6 Qa6 24. Nc7 Qb7 25. Nxa8 Qxa8 26. Qg6 Kg8 27. Bf2 Rf7
28. Be6 Qe8 29. Nh3 Nc6 30. Nxf4 Ne7 31. Qg4 Qb8 32. e5 Qf8 33. Nh5 Kh8 34. Bxf7
Qxf7 35. Rf1 g6 36. Bh4 Qe8 37. Qf4 Nf5 38. Qe4 Nd6 39. Qg4 Nc4 40. Nf6 Qf7 41.
e6 Qg7 42. Nd7 Ne3 43. Bf6 Nxg4 44. Bxg7+ Kxg7 45. e7 h5 46. h3 Ne3 47. Rf6 Nc2+
48. Kd2 Nxa1 49. e8=Q Kh6 50. Qxg6# 1-0

[Event "Challenge"]
[Site "http://www.queenalice.com/game.php?id=193327"]
[Date "2007.4.7"]
[Round "-"]
[White "Fool"]
[Black "Liberte"]
[Result "1-0"]
[WhiteElo "1352"]
[BlackElo "1141"]

1. d4 d5 2. Nc3 Nf6 3. Nf3 e6 4. Bg5 Be7 5. Ne5 Nh5 6. Bxe7 Qxe7 7. e3 Qg5 8.
Qf3 O-O 9. e4 c6 10. Bd3 f6 11. Qg4 fxe5 12. Qxg5 Nf6 13. dxe5 Ne8 14. exd5 cxd5
15. O-O Nf6 16. exf6 Rxf6 17. Rae1 h6 18. Qf4 Rxf4 19. g3 Rf6 20. f4 a5 21. Na4
Ra6 22. Bxa6 bxa6 23. Nc5 Nc6 24. Re2 Nd4 25. Rg2 Nxc2 26. Rxc2 Rf8 27. Re1 Rf5
28. Re5 Rf7 29. Nxe6 Bb7 30. Rc7 Ba8 31. Rc8+ Rf8 32. Rxf8+ Kh7 33. Rxa8 h5 34.
Ra7 Kg6 35. Nxg7 Kf6 36. Rxa6+ 1-0

[Event "Challenge"]
[Site "http://www.queenalice.com/game.php?id=200113"]
[Date "2007.4.21"]
[Round "-"]
[White "Liberte"]
[Black "Hugo62"]
[Result "0-1"]
[WhiteElo "1182"]
[BlackElo "1169"]

1. d4 d5 2. Bf4 Nc6 3. Nf3 Be6 4. Nc3 Nf6 5. Qd3 Nb4 6. Qb5+ c6 7. Qxb7 Nxc2+ 8.
Kd1 Nxa1 9. Qxc6+ Bd7 10. Qc5 g6 11. e3 Ng4 12. Rg1 Nxf2+ 13. Ke2 e6 14. Kxf2
Bxc5 15. dxc5 Qc8 16. c6 Bxc6 17. Bd3 O-O 18. Rxa1 Rb8 19. b3 Rb6 20. Bh6 Re8
21. Ne5 Ba8 22. Rf1 Qxc3 23. Bf4 Qd2+ 24. Be2 Qxa2 25. Nd7 Rxb3 26. Nf6+ Kf8 27.
Bh6+ Ke7 28. Bg7 Qd2 29. Ng4 Rc8 30. Bf6+ Kd7 31. Ne5+ Ke8 32. Nc4 Rxc4 33. Bd4
a5 34. Bg7 Rxe3 35. Re1 Rc1 36. Rxc1 Qxc1 37. Bf1 a4 38. Bb5+ Ke7 39. Bd4 Qe1#
0-1

[Event "Challenge"]
[Site "http://www.queenalice.com/game.php?id=290087"]
[Date "2007.10.20"]
[Round "-"]
[White "Liberte"]
[Black "Tlaloc2k"]
[Result "0-1"]
[WhiteElo "1128"]
[BlackElo "1428"]

1. d4 e6 2. e4 d5 3. Nc3 Bb4 4. a3 Bxc3+ 5. bxc3 Nf6 6. e5 Ne4 7. Qg4 g6 8. Qh3
Nc6 9. Bb2 Qg5 10. f3 Qd2# 0-1

[Event "Challenge"]
[Site "http://www.queenalice.com/game.php?id=293046"]
[Date "2007.10.25"]
[Round "-"]
[White "Liberte"]
[Black "CJ"]
[Result "1-0"]
[WhiteElo "1121"]
[BlackElo "1479"]

1. d4 e6 2. e4 Nf6 3. Nc3 Bb4 4. Bd2 a5 5. Bd3 Bxc3 6. bxc3 c6 7. Nf3 Ng4 8. O-O
h5 9. h3 Nf6 10. Bg5 O-O 11. e5 Qb6 12. exf6 gxf6 13. Bxf6 Qb2 14. Nd2 Qxc3 15.
Qxh5 Qxd2 16. Qh8# 1-0

[Event "Challenge"]
[Site "http://www.queenalice.com/game.php?id=293469"]
[Date "2007.10.26"]
[Round "-"]
[White "Liberte"]
[Black "chouia"]
[Result "0-1"]
[WhiteElo "1169"]
[BlackElo "1653"]

1. d4 d5 2. c4 e6 3. Nc3 Nc6 4. b3 Bb4 5. Bb2 Nf6 6. a3 Be7 7. Nf3 O-O 8. e3
dxc4 9. Bxc4 Na5 10. Bd3 c5 11. b4 cxb4 12. Ne4 Nxe4 13. Bxe4 Nc4 14. Bc1 Rb8
15. Qc2 Nxa3 16. Bxa3 bxa3 17. Bxh7+ Kh8 18. O-O g6 19. Bxg6 fxg6 20. Qxg6 Rf6
21. Qh5+ Kg7 22. Ng5 Qh8 23. Qxh8+ Kxh8 24. Rfc1 Rg6 25. Ne4 Bf8 26. Nc3 Bd7 27.
Rcb1 Bc6 28. g3 Rc8 29. Ne2 Bd5 30. Nf4 Rf6 31. Nh5 Rf7 32. h4 Rc2 33. Rf1 b5
34. Nf4 Be4 35. Nxe6 Bd3 36. Rfd1 Bc4 37. f4 Bxe6 38. d5 Bg4 39. Rab1 Bxd1 40.
Rxd1 Bc5 41. Re1 Rg7 42. Kh1 Rxg3 0-1

[Event "lucianovdemelo"]
[Site "http://www.queenalice.com/game.php?id=305388"]
[Date "2007.11.17"]
[Round "1"]
[White "Liberte"]
[Black "saturnin"]
[Result "1-0"]
[WhiteElo "1169"]
[BlackElo "1457"]

1. d4 Nf6 2. c4 e6 3. Nc3 c6 4. Nf3 c5 5. e4 Be7 6. Bd3 Qa5 7. O-O cxd4 8. Ne2
O-O 9. Nexd4 Na6 10. e5 Nh5 11. Bd2 Qc5 12. Qe2 Nb4 13. Bb1 f6 14. Qe4 f5 15.
Qe2 d6 16. a3 Na6 17. b4 Qc7 18. Nxe6 Bxe6 19. Ba2 Rac8 20. Nd4 Nb8 21. Qxh5
Bxc4 22. Nxf5 Bxa2 23. Rxa2 Bd8 24. exd6 Qc4 25. Be3 Qxa2 26. Qg4 g6 27. Nh6+
Kg7 28. Qd4+ Rf6 29. Ng4 Qxa3 30. Bh6+ Kf7 31. d7 Rc7 32. Ne5+ 1-0

[Event "Challenge"]
[Site "http://www.queenalice.com/game.php?id=523586"]
[Date "2009.1.16"]
[Round "-"]
[White "Liberte"]
[Black "nadajnick"]
[Result "0-1"]
[WhiteElo "1181"]
[BlackElo "1549"]

1. d4 Nf6 2. Bf4 e6 3. e3 b6 4. Nf3 Bd6 5. Bc4 Nc6 6. Rf1 a5 7. c3 Ba6 8. Nbd2
Bxf4 9. Qe2 Qc8 10. Rb1 Bd6 11. a3 O-O 12. b4 Nd5 13. b5 Nxc3 14. Qd3 Nxb1 15.
Qxb1 Bb7 16. bxc6 Bxc6 17. Bd3 g6 18. Qb3 a4 19. Qb1 b5 20. Ne4 Qb7 21. g3 f5
22. Neg5 b4 23. Ke2 b3 24. Qb2 h6 25. Nh3 Bxf3+ 0-1

[Event "Ils vivent la liberté"]
[Site "http://www.queenalice.com/game.php?id=528348"]
[Date "2009.1.24"]
[Round "-"]
[White "lcchaves13"]
[Black "Liberte"]
[Result "1-0"]
[WhiteElo "1375"]
[BlackElo "1191"]

1. e4 Nf6 2. d3 d5 3. exd5 Nxd5 4. c4 Nb4 5. Nf3 Bf5 6. Nh4 e6 7. a3 N4c6 8. Nd2
Nd4 9. Nhf3 c5 10. b4 Bd6 11. Nb3 Nxf3+ 12. Qxf3 Nd7 13. Qxb7 Nb6 14. bxc5 Bxc5
15. Nxc5 O-O 16. a4 Qd4 17. Ra3 1-0

[Event "Challenge"]
[Site "http://www.queenalice.com/game.php?id=528360"]
[Date "2009.1.24"]
[Round "-"]
[White "ramsescabral"]
[Black "Liberte"]
[Result "1-0"]
[WhiteElo "1860"]
[BlackElo "1191"]

1. e4 Nf6 2. g3 Nxe4 3. Qf3 d5 4. c4 c6 5. d4 e6 6. b3 Bb4+ 7. Nd2 O-O 8. a3 Bc3
9. Ra2 Qg5 10. h4 Qh6 11. Bd3 1-0

[Event "Challenge"]
[Site "http://www.queenalice.com/game.php?id=884584"]
[Date "2011.1.11"]
[Round "-"]
[White "Liberte"]
[Black "murilo"]
[Result "0-1"]
[WhiteElo "1180"]
[BlackElo "1726"]

1. d4 c6 2. e4 d5 3. exd5 cxd5 4. Nf3 Nc6 5. Nc3 Bg4 6. Be2 e6 7. Ne5 Nxe5 8.
dxe5 Bxe2 9. Nxe2 Bb4+ 10. c3 Bc5 11. O-O Ne7 12. Qd3 Nc6 13. Bf4 O-O 14. c4 Nb4
15. Qg3 g6 16. Rad1 Nxa2 17. Bh6 Re8 18. Nf4 Nb4 19. b3 Rc8 20. Bg5 Qc7 21. Bf6
dxc4 22. bxc4 Bf8 23. Rc1 Nd5 24. cxd5 Qxc1 25. h4 Qc3 0-1